000
00319nam a2200109Ia 4500
008
200302s9999 xx 000 0 und d
100
_a
Stephen R. J. Sheppard
245
_a
Visul Simulation A User's Guide for Architects, Engineers, and Planners
260
_b
Van Nostrand Renhold Company
260
_c
1989
300
_a
215
999
_c
3736
_d
3736